La teoría del campo en la ciencia social / (Record no. 9642)

MARC details
000 -LEADER
fixed length control field 01291nam a22003377a 4500
003 - CONTROL NUMBER IDENTIFIER
control field AR-FvUNAJ
005 - DATE AND TIME OF LATEST TRANSACTION
control field 20231003172638.0
008 - FIXED-LENGTH DATA ELEMENTS--GENERAL INFORMATION
fixed length control field 231003b ||||| |||| 00| 0 spa d
040 ## - CATALOGING SOURCE
Transcribing agency AR-FvUNAJ
082 14 - DEWEY DECIMAL CLASSIFICATION NUMBER
Edition number 14
Classification number 302
100 1# - MAIN ENTRY--PERSONAL NAME
9 (RLIN) 18939
Personal name Lewin, Kurt
245 13 - TITLE STATEMENT
Title La teoría del campo en la ciencia social /
Statement of responsibility, etc Kurt Lewin.
250 ## - EDITION STATEMENT
Edition statement 1a ed.
260 ## - PUBLICATION, DISTRIBUTION, ETC. (IMPRINT)
Place of publication, distribution, etc Buenos Aires :
Name of publisher, distributor, etc Paidós,
Date of publication, distribution, etc 1978.
300 ## - PHYSICAL DESCRIPTION
Extent 308 p.
Other physical details il.
440 ## - SERIES STATEMENT/ADDED ENTRY--TITLE
9 (RLIN) 18941
Title Psicologías del Siglo XX
Volume number/sequential designation 35
504 ## - BIBLIOGRAPHY, ETC. NOTE
Bibliography, etc Incluye referencias bibliográficas (p. 270-275)
505 2# - FORMATTED CONTENTS NOTE
Title I. Formalización y progreso en psicología.
505 2# - FORMATTED CONTENTS NOTE
Title II. Los constructos en la teoría del campo.
505 2# - FORMATTED CONTENTS NOTE
Title III. Definición de "el campo en un momento dado".
505 2# - FORMATTED CONTENTS NOTE
Title IV. La teoría del campo y el aprendizaje.
505 2# - FORMATTED CONTENTS NOTE
Title V. Regresión, retrogresión y desarrollo.
505 2# - FORMATTED CONTENTS NOTE
Title VI. La teoría del campo y la experimentación en psicología social.
505 2# - FORMATTED CONTENTS NOTE
Title VII. Problemas de investigación en psicología social.
505 2# - FORMATTED CONTENTS NOTE
Title VIII. Ecología psicológica.
505 2# - FORMATTED CONTENTS NOTE
Title IX. Las fronteras en la dinámica de grupo.
505 2# - FORMATTED CONTENTS NOTE
Title X. Conducta y desarrollo como funciones de la situación social.
650 27 - SUBJECT ADDED ENTRY--TOPICAL TERM
9 (RLIN) 667
Topical term or geographic name as entry element PSICOLOGIA SOCIAL
650 24 - SUBJECT ADDED ENTRY--TOPICAL TERM
9 (RLIN) 18942
Topical term or geographic name as entry element TEORÍA DEL CAMPO
942 ## - ADDED ENTRY ELEMENTS (KOHA)
Source of classification or shelving scheme Dewey Decimal Classification
Koha item type Libro, folleto, traducción
980 ## - EQUIVALENCE OR CROSS-REFERENCE-SERIES STATEMENT--PERSONAL NAME/TITLE [LOCAL, CANADA]
Linkage 21574
Personal name Carrizo
Field link and sequence number 21574
Miscellaneous information Carrizo
Holdings
Withdrawn status Lost status Source of classification or shelving scheme Damaged status Not for loan Home library Current library Date acquired Source of acquisition Total Checkouts Full call number Barcode Date last seen Price effective from Koha item type
    Dewey Decimal Classification     Biblioteca Central Biblioteca Central 03/10/2023 Donación   302 LEW UNAJ23100063 17/03/2025 03/10/2023 Libro, folleto, traducción

Lunes a Viernes 8:30 a 19:00 hs. Cerrado por mudanza
Av.Calchaqui 6200 Florencio Varela (CP188) 2°piso Edificio Mosconi Aula 209-210
Mail: bibliotecacentralunaj@gmail.com  
Whatsapp(54 9)1122668024    ❔Pregunte a la bibliotecaria
© Universidad Nacional Arturo Jauretche | Secretaría Académica | Biblioteca Central UNAJ